00496nam a2200157Ia 450000500170000000800410001708200130005810000220007124500590009326000270015230000140017965000250019394200060021895200990022499900150032320250311025319.0240331s9999 xx 000 0 und d bCHAa894 aChandrasekaran, V 0aAlipadum thamilar vilaakkal :bpanpaddiyal kadduraikal aChennaibSalaramc2004 a168 p .,  aPanpaatiyal Katturai cL 001040708LaWERCLbWERCLcSSCd2024-03-31l0o 894.811 CHAp1977r2024-03-31w2024-03-31yL c3837d3837